PRÍSPEVOK K POZNANIU VÍRUSOVÝCH CHORÔB SLIVIEK A MYROBALÁNOV NA SLOVENSKU

Bibliographic Details
Main Author: Králiková, Katarína (Author)
Format: Article
Language:Slovak

MARC

LEADER 00000nab a2200000uu 4500
001 vtls011156453
003 SK-MaSNL
005 20260303121631.0
008 230131|1958 xo |||||||||||||||||slo|
015 |a SNBRB 
035 |a (urnnbn)urn:nbn:sk:snk:ar-a0abad 
035 |a (uuid)6599ee70-44ca-4eba-af26-8c459d53c64b 
035 |a urn:nbn:sk:snk-abb4qe 
040 |a SNKBUCL  |b slo  |c SNKBUCL  |e AACR2 
041 0 |a slo 
044 |a xo  |c SK 
100 1 |a Králiková, Katarína  |4 aut  |9 12246 
245 1 0 |a PRÍSPEVOK K POZNANIU VÍRUSOVÝCH CHORÔB SLIVIEK A MYROBALÁNOV NA SLOVENSKU  |c Katarína Králiková 
246 3 |a A CONTRIBUTION ТО THE KNOWLEDGE OF VIRUS DISEASES OF PLUMS AND MYROBALANS IN SLOVAKIA 
773 0 |t Poľnohospodárstvo : časopis pre poľnohospodárske vedy  |g Roč. 5, č. 1 (1958), s. 55-76 
954 |a odborná, vedecká literatúra pôvodná (slovenská)  |2 lita 
958 |a OND 
958 |a EUIPO 
958 |a article14 
999 |c 1916821  |d 1918751